20 Crónicas policíacas / (Registro nro. 4137)

Detalles MARC
000 -LEADER
fixed length control field 00934nam a2200229Ia 4500
003 - CONTROL NUMBER IDENTIFIER
control field OSt
005 - DATE AND TIME OF LATEST TRANSACTION
control field 20200401110936.0
008 - FIXED-LENGTH DATA ELEMENTS--GENERAL INFORMATION
fixed length control field 200401b1994 ck |gr|||| 000 0 spa d
020 ## - INTERNATIONAL STANDARD BOOK NUMBER
International Standard Book Number 9586144364
040 ## - CATALOGING SOURCE
Original cataloging agency CO-JMCR
Transcribing agency CO-JMCR
041 0# - LANGUAGE CODE
Language code of text/sound track or separate title spa
082 04 - DEWEY DECIMAL CLASSIFICATION NUMBER
Classification number 079.861 /
Item number G643c
100 1# - MAIN ENTRY--PERSONAL NAME
Personal name González Toledo, Felipe,
Relator term autor
9 (RLIN) 2332
245 10 - TITLE STATEMENT
Title 20 Crónicas policíacas /
Statement of responsibility, etc. Felipe González Toledo
260 ## - PUBLICATION, DISTRIBUTION, ETC.
Place of publication, distribution, etc. Bogotá :
Name of publisher, distributor, etc. Planeta,
Date of publication, distribution, etc. 1994
300 ## - PHYSICAL DESCRIPTION
Extent 190 Páginas ;
Dimensions 20 cm.
490 0# - SERIES STATEMENT
Series statement Colección Documento
505 ## - FORMATTED CONTENTS NOTE
Formatted contents note Este libro -- La muerte llamo tres veces -- El cadáver viajero -- Cuerpo de mujer por libas -- El crimen del prebendado -- Los zapatos amarillos -- El "Doctor Mata", criminal único -- "El perro lobo", record criminal -- Barragán, enemigo público
650 14 - SUBJECT ADDED ENTRY--TOPICAL TERM
Topical term or geographic name entry element Crónicas
General subdivision periodísticas colombianas Bogotá
Geographic subdivision Colombia
9 (RLIN) 2333
650 24 - SUBJECT ADDED ENTRY--TOPICAL TERM
Topical term or geographic name entry element Crónicas
General subdivision Condiciones sociales
9 (RLIN) 2334
942 ## - ADDED ENTRY ELEMENTS (KOHA)
Source of classification or shelving scheme Dewey Decimal Classification
Koha item type Books
Existencias
Withdrawn status Lost status Source of classification or shelving scheme Materials specified (bound volume or other part) Damaged status Not for loan Home library Current library Date acquired Source of acquisition Cost, normal purchase price Total Checkouts Full call number Barcode Date last seen Copy number Price effective from Koha item type
    Dewey Decimal Classification Donación--22/06/2018--     Biblioteca Pública José María del Castillo y Rada Biblioteca Pública José María del Castillo y Rada 11/28/2019 Donación 0.00   079.861 / G643c 201808957 05/16/2024 Ej.1 11/28/2019 Books